00589nam a2200193 4500001000700000003000900007005001700016007000300033008004100036080002100077080002900098100003700127245006300164250001500227260005500242300003900297600003700336852002200373106983ES-MaACL20231223063056.0t|061121s1976 mx af |||| |aspa d a821.134.2-94"19" a929 Moreno Villa, José1 aMoreno Villa, José,d1887-195510aVida en claro b: autobiografía / cJosé Moreno Villa. a1ª reimp. aMéxico : bFondo de Cultura Económica, c1976. a258 p., 12 h. de lám. ; c21 cm.14aMoreno Villa, José,d1887-1955 aES-MaACLjL-10659